Sources and methods of historical demography
Αποθηκεύτηκε σε:
| Κύριος συγγραφέας: | |
|---|---|
| Άλλοι συγγραφείς: | |
| Μορφή: | Βιβλίο |
| Γλώσσα: | English |
| Δημοσίευση: |
New York :
Academic,
1982
|
| Σειρά: | Studies in social discontinuity
|
| Θέματα: | |
| Ετικέτες: |
Προσθήκη ετικέτας
Δεν υπάρχουν, Καταχωρήστε ετικέτα πρώτοι!
|
MARC
| LEADER | 00000nam a2200000 i 4500 | ||
|---|---|---|---|
| 001 | 1/61358 | ||
| 008 | 930910s eng d | ||
| 020 | |a 0-12-757022-5 | ||
| 035 | |a ΛΕΣΒΟΣb10000843 |l 10000843 | ||
| 040 | |a GR-MY-UA |b gre |e aacr | ||
| 041 | 0 | |a eng | |
| 082 | 0 | |a 304.609 | |
| 100 | 1 | |a Willigan, Dennis J. | |
| 245 | 1 | 0 | |a Sources and methods of historical demography / |c J. Dennis Willigan; Katherine A. Lynch |
| 260 | |a New York : |b Academic, |c 1982 | ||
| 300 | |a 505 p. | ||
| 490 | 1 | |a Studies in social discontinuity | |
| 504 | |a Includes bibliographical references | ||
| 650 | 0 | 0 | |a Population |x History |x Methodology. |
| 650 | 0 | 0 | |a Demography. |
| 700 | 1 | |a Lynch, Katherine A. | |
| 830 | 0 | |a Studies in social discontinuity | |
| 852 | |a INST |b LESVOS |e 19930910 |h 304.609 WIL |p 005100010639 |q 005100010639 |t BK |y 0 | ||
| 909 | |a Λ |b 021714 | ||